000 00300nam a22001217a 4500
008 200130b ||||| |||| 00| 0 eng d
020 _a9789352604555
082 _a005.133 RAR
100 _aRAKSHIT,Sandip
245 _aR for Beginners
250 _aPage-403
260 _aChennai
_bTata McGrawHill
_c2017
999 _c8441
_d8441